000 00586nam a22001697a 4500
003 PILC
005 20150112093433.0
008 130222t xxu||||| |||| 00| 0 eng d
020 _a0256146144
050 _aKF 889
_b.D85 1995
082 _aLwSF 346.730
_bD97 1995
100 _aDworkin, Terry Morehead
_914182
245 _aEssentials of business law and the regulatory environment /
_cTerry Morehead Dworkin, A. James Barnes, Eric L. Richards
260 _aChicago : Irwin,
_c1995.
_bRICHARD D. IRWIN, INC.,
300 _a580 pages :
_bill. (some col.)
_c26 cm.
942 _2lcc
_cBK
999 _c14482
_d14482